| 000 | 00564nam a2200181Ia 4500 | ||
|---|---|---|---|
| 003 | OSt | ||
| 005 | 20200804123200.0 | ||
| 008 | 190216s9999||||xx |||||||||||||| ||und|| | ||
| 020 | _a9780070473768 | ||
| 040 | _coclc | ||
| 082 |
_a510.76 _bLIP/S |
||
| 100 |
_aLipschutz, Seymour _93751 |
||
| 245 | 0 |
_a2000 Solved Problems In Discrete Mathematics / _cSeymour Lipschutz ; M L Lipson |
|
| 260 |
_bTata Mcgrawhill Publishers, _aNew Delhi: _c2006. |
||
| 300 | _a404p | ||
| 650 | _aMathematics | ||
| 942 |
_cBK _2ddc _h510.76 _iLIP/S _k510.76 _mLIP/S |
||
| 999 |
_c32025 _d32025 |
||